00225nam a2200097Ia 4500001000400000008004100004082002000045100001600065245002500081260002100106649241024s9999 xx 000 0 und d aRD/863.44/L951c aLugo, Ludin 0aCanoas de Falso Piso bEd. Tallerc1993